[Event "Server24Chess 2012"]
[Site "St. Ulrich"]
[Date "2012.06.07"]
[Round "6"]
[White "Peralta, Fe"]
[Black "Arun Prasad, S."]
[Result "1-0"]
[WhiteElo "2590"]
[BlackElo "2519"]
[PlyCount "157"]
[EventDate "2012.06.??"]

1. d4 Nf6 2. c4 e6 3. Nc3 Bb4 4. e3 b6 5. Bd3 Bb7 6. Nf3 O-O 7. O-O c5 8. Na4
cxd4 9. exd4 Re8 10. a3 Bf8 11. Nc3 d6 12. Bg5 Nbd7 13. Re1 g6 14. Rc1 Rc8 15.
b4 Qc7 16. d5 e5 17. Nd2 h6 18. Bh4 Nh5 19. Nb5 Qb8 20. Bf5 Rcd8 21. Bxd8 Rxd8
22. Bd3 Nf4 23. Bf1 f5 24. Nf3 Kh7 25. a4 Rc8 26. Qd2 Nh5 27. Ra1 Bg7 28. a5 a6
29. Nc3 Nhf6 30. Rec1 e4 31. Nd4 h5 32. axb6 Nxb6 33. Ne6 Nxc4 34. Qd4 Ne5 35.
Nxg7 Kxg7 36. b5 axb5 37. Nxb5 Rxc1 38. Rxc1 Bxd5 39. Rc7+ Kh6 40. h4 g5 41.
Nxd6 Qxc7 42. Qxe5 Qd8 43. hxg5+ Kxg5 44. Qxf5+ Kh6 45. Qxd5 Nxd5 46. Nf7+ Kg6
47. Nxd8 e3 48. f3 Nf4 49. Bc4 e2 50. Kf2 Nxg2 51. Kxe2 Nh4 52. Bd3+ Kf6 53.
Kf2 Nxf3 54. Kxf3 h4 55. Nc6 h3 56. Nd4 h2 57. Kg2 h1=Q+ 58. Kxh1 Ke5 59. Ne2
Kd5 60. Kg2 Kd6 61. Kf3 Ke5 62. Nf4 Kd4 63. Ke2 Kc5 64. Ke3 Kd6 65. Kd4 Kc6 66.
Bc4 Kd6 67. Nd3 Kc6 68. Ke5 Kd7 69. Kf6 Ke8 70. Ne5 Kd8 71. Ke6 Kc7 72. Nd7 Kc6
73. Ke7 Kc7 74. Bb5 Kc8 75. Kd6 Kd8 76. Nc5 Kc8 77. Bd7+ Kb8 78. Bh3 Ka7 79.
Kc7 1-0

[Event "Server24Chess 2012"]
[Site "St. Ulrich"]
[Date "2012.06.07"]
[Round "6"]
[White "Kveinys, A."]
[Black "Okhotnik, V."]
[Result "1/2-1/2"]
[WhiteElo "2512"]
[BlackElo "2463"]
[PlyCount "39"]
[EventDate "2012.06.??"]

1. d4 d5 2. Nf3 Nc6 3. g3 Bg4 4. Bg2 Qd7 5. h3 Bf5 6. c3 e6 7. Nbd2 Nf6 8. Ne5
Nxe5 9. dxe5 Ne4 10. g4 Bg6 11. Nxe4 Bxe4 12. Bxe4 dxe4 13. Qxd7+ Kxd7 14. Be3
c5 15. O-O-O+ Kc6 16. Bg5 h6 17. Bh4 e3 18. c4 exf2 19. Rhf1 h5 20. Bxf2
1/2-1/2

[Event "Server24Chess 2012"]
[Site "St. Ulrich"]
[Date "2012.06.07"]
[Round "6"]
[White "Petkov, V."]
[Black "Solomon, K."]
[Result "1-0"]
[WhiteElo "2512"]
[BlackElo "2429"]
[PlyCount "83"]
[EventDate "2012.06.??"]

1. d4 g6 2. c4 Bg7 3. Nc3 d6 4. e4 Nc6 5. Be3 e5 6. d5 Nce7 7. c5 Kf8 8. Rc1
Bh6 9. Qd2 Kg7 10. f4 exf4 11. Bd4+ f6 12. Nf3 a6 13. cxd6 cxd6 14. h4 Qe8 15.
Be2 Kf8 16. O-O Bd7 17. Ng5 fxg5 18. hxg5 Bxg5 19. Bxh8 Nh6 20. Rxf4+ Kg8 21.
Bd4 Nf7 22. Rcf1 Bxf4 23. Qxf4 Nc8 24. Qf6 Ne5 25. Bxe5 dxe5 26. d6 Nb6 27.
Bc4+ Nxc4 28. Nd5 h6 29. Nc7 Qf8 30. Qxg6+ Qg7 31. Qxg7+ Kxg7 32. Nxa8 Bg4 33.
d7 Bxd7 34. Rc1 Be6 35. Nc7 Bf7 36. Nd5 Nd6 37. Rc7 Kg6 38. Ne7+ Kf6 39. Nc8
Nxe4 40. Rxb7 Bxa2 41. Rb6+ Be6 42. Nd6 1-0

[Event "Server24Chess 2012"]
[Site "St. Ulrich"]
[Date "2012.06.07"]
[Round "6"]
[White "Rotstein, A."]
[Black "Manca, F."]
[Result "1/2-1/2"]
[WhiteElo "2512"]
[BlackElo "2424"]
[PlyCount "119"]
[EventDate "2012.06.??"]

1. d4 Nf6 2. Nf3 e6 3. g3 c5 4. Bg2 cxd4 5. Nxd4 d5 6. O-O a6 7. c4 dxc4 8.
Qa4+ Qd7 9. Qxc4 b5 10. Qc2 Bb7 11. Rd1 Bxg2 12. Kxg2 Qb7+ 13. Kg1 Be7 14. Bg5
O-O 15. Bxf6 Bxf6 16. Nc3 Nc6 17. Qe4 Rac8 18. Rac1 Rfd8 19. e3 Qa8 20. Nxc6
Qxc6 21. Rxd8+ Bxd8 22. Qd3 Bf6 23. Ne2 Qb7 24. Rxc8+ Qxc8 25. b3 h5 26. Qe4 g6
27. Kg2 Kg7 28. Nf4 Qd7 29. Nd3 Qd6 30. h3 Bc3 31. Nf4 Be5 32. Ne2 Bf6 33. Ng1
Qd2 34. a4 Qc3 35. axb5 axb5 36. Qb1 Be7 37. Nf3 Bf6 38. Qd1 Kg8 39. g4 hxg4
40. hxg4 Qb4 41. Kg3 Kg7 42. Qd3 Kg8 43. Nd2 Be5+ 44. Kf3 Kg7 45. Qe4 Qc3 46.
Ke2 Qb2 47. Qb1 Qc3 48. Qd3 Qc5 49. Ne4 Qc6 50. g5 Bb2 51. Nd6 b4 52. Ne4 Qc1
53. Qd2 Qb1 54. Qxb4 Qc2+ 55. Kf3 Qd1+ 56. Kg3 Qg1+ 57. Kf3 Qd1+ 58. Kg3 Qg1+
59. Kf3 Qd1+ 60. Kg3 1/2-1/2

[Event "Server24Chess 2012"]
[Site "St. Ulrich"]
[Date "2012.06.07"]
[Round "6"]
[White "Gleizerov, E."]
[Black "Thorsteinsson, T."]
[Result "1/2-1/2"]
[WhiteElo "2570"]
[BlackElo "2248"]
[PlyCount "71"]
[EventDate "2012.06.??"]

1. d4 d5 2. c4 e6 3. Nf3 Nf6 4. g3 dxc4 5. Bg2 c5 6. O-O Nc6 7. dxc5 Qxd1 8.
Rxd1 Bxc5 9. Nbd2 c3 10. bxc3 O-O 11. Nb3 Be7 12. Nfd4 Nxd4 13. cxd4 Nd5 14.
Bd2 f5 15. Na5 b6 16. Nc6 Bd6 17. Bxd5 exd5 18. Bf4 Ba3 19. Rd3 Bb7 20. Ne5 Bd6
21. Nf3 Bxf4 22. gxf4 Ba6 23. Rd2 Rfc8 24. Ne5 Rc3 25. a4 Rac8 26. a5 Rc1+ 27.
Rxc1 Rxc1+ 28. Kg2 bxa5 29. Ra2 a4 30. Rxa4 Bxe2 31. Rxa7 h6 32. Rd7 Bf1+ 33.
Kg3 Rc3+ 34. f3 Rc2 35. h4 Rg2+ 36. Kh3 1/2-1/2

[Event "Server24Chess 2012"]
[Site "St. Ulrich"]
[Date "2012.06.07"]
[Round "6"]
[White "Molina, Fa"]
[Black "Sulskis, S."]
[Result "0-1"]
[WhiteElo "2269"]
[BlackElo "2586"]
[PlyCount "52"]
[EventDate "2012.06.??"]

1. d4 Nf6 2. c4 c5 3. Nf3 cxd4 4. Nxd4 Nc6 5. Nc3 e6 6. g3 Qb6 7. Nb3 Ne5 8. c5
Qc6 9. Rg1 Bxc5 10. Bg2 d5 11. Nxc5 Qxc5 12. Be3 Qa5 13. Rb1 O-O 14. b4 Qd8 15.
Bc5 Re8 16. b5 b6 17. Bb4 a5 18. Ba3 Bb7 19. Na4 Rc8 20. e3 Nc4 21. Qb3 Ne4 22.
Bxe4 dxe4 23. Rd1 Bd5 24. Qc3 Nxa3 25. Qxa3 Rc2 26. Nc3 Qf6 0-1

[Event "Server24Chess 2012"]
[Site "St. Ulrich"]
[Date "2012.06.07"]
[Round "6"]
[White "Curien, N."]
[Black "Bruno, Fabi"]
[Result "0-1"]
[WhiteElo "2235"]
[BlackElo "2447"]
[PlyCount "98"]
[EventDate "2012.06.??"]

1. d4 d5 2. Bf4 Nf6 3. e3 c5 4. c3 Nc6 5. Nd2 Bf5 6. Qb3 Qd7 7. dxc5 e5 8. Bg3
Nh5 9. Bh4 Bxc5 10. Ngf3 O-O 11. Qb5 Bb6 12. Be2 Bd8 13. O-O Nf6 14. Qb3 Bg4
15. Bb5 Re8 16. h3 Bh5 17. Rfe1 a6 18. Bf1 e4 19. Nd4 Nxd4 20. cxd4 Ba5 21.
Bxf6 Bxd2 22. Be5 Bxe1 23. Rxe1 f6 24. Bf4 Rac8 25. g4 Bf7 26. g5 fxg5 27. Bxg5
Be6 28. Kh2 Rf8 29. Bf4 Rf6 30. Qd1 Rg6 31. Bg2 Qc6 32. Re2 b5 33. f3 exf3 34.
Bxf3 Rf6 35. Rg2 Rf7 36. Bh5 Rd7 37. Be5 Qc1 38. Qf3 Qb1 39. Rf2 Qe4 40. Qg3
Rc2 41. Be2 Qg6 42. Qh4 h6 43. Rg2 Qe4 44. Qg3 g5 45. h4 Qg6 46. hxg5 Rxe2 47.
Rxe2 Qh5+ 48. Kg1 Qxe2 49. gxh6+ Kh7 0-1

[Event "Server24Chess 2012"]
[Site "St. Ulrich"]
[Date "2012.06.07"]
[Round "6"]
[White "Akshat, Chandra"]
[Black "Valsecchi, A."]
[Result "0-1"]
[WhiteElo "2146"]
[BlackElo "2413"]
[PlyCount "122"]
[EventDate "2012.06.??"]

1. e4 e5 2. Nf3 Nc6 3. Bb5 a6 4. Ba4 Nf6 5. O-O b5 6. Bb3 Bc5 7. d3 d6 8. h3
Bb7 9. c3 h6 10. Re1 O-O 11. Nh4 Na5 12. Nf5 Nxb3 13. axb3 Kh7 14. Nd2 g6 15.
Ng3 Bb6 16. Nf3 Ng8 17. d4 Qf6 18. Be3 Rae8 19. Qc2 c5 20. dxe5 dxe5 21. Rad1
Qe6 22. Rd2 c4 23. Bxb6 cxb3 24. Qd1 Qxb6 25. Qxb3 Nf6 26. Qb4 Kg7 27. c4 Re6
28. cxb5 Rc8 29. Red1 Rc5 30. Rd8 Qxb5 31. Qd2 Qb6 32. Qe2 Rb5 33. R1d2 Rb4 34.
Qd3 Nxe4 35. Nxe4 Bxe4 36. Qd7 Bxf3 37. gxf3 Rxb2 38. Rxb2 Qxb2 39. Rc8 Qb1+
40. Kg2 Qb6 41. Ra8 e4 42. fxe4 Rf6 43. Qd2 Qc6 44. Qd5 Qxd5 45. exd5 Rb6 46.
Kf3 Kf6 47. Ke4 Rb4+ 48. Kf3 Rb6 49. Ke4 Rb4+ 50. Kf3 Ra4 51. Re8 Ra1 52. Ra8
Ke5 53. Rd8 Ra3+ 54. Kg2 Ra5 55. d6 Ke6 56. d7 Rg5+ 57. Kh2 Rf5 58. Kg3 a5 59.
f4 Ke7 60. Rh8 Kxd7 61. Rxh6 Rh5 0-1

[Event "Server24Chess 2012"]
[Site "St. Ulrich"]
[Date "2012.06.07"]
[Round "6"]
[White "Bertagnolli, A."]
[Black "Waldner, M."]
[Result "1-0"]
[WhiteElo "2370"]
[BlackElo "2068"]
[PlyCount "101"]
[EventDate "2012.06.??"]

1. e4 d6 2. d4 Nf6 3. Nc3 g6 4. Bg5 c6 5. Qd2 b5 6. f3 Qa5 7. a3 Nbd7 8. b4 Qc7
9. a4 bxa4 10. Nxa4 Bg7 11. Bd3 O-O 12. Ne2 e5 13. c3 a5 14. b5 Bb7 15. O-O
cxb5 16. Bxb5 Rfc8 17. d5 Ba6 18. Bc6 Bb7 19. Bxb7 Qxb7 20. Qd3 Nc5 21. Nxc5
Rxc5 22. Rfb1 Qc8 23. Be3 Nd7 24. Bxc5 Nxc5 25. Qc4 Bh6 26. Ng3 Rb8 27. Rb5
Rxb5 28. Qxb5 a4 29. Rb1 Kg7 30. Nf1 Qa8 31. g3 a3 32. Ra1 Qa7 33. Kg2 Bg5 34.
h4 Bh6 35. Qc4 f5 36. Nh2 Bd2 37. Qb4 Nd3 38. Qxa3 Qf2+ 39. Kh3 Qe2 40. Qa7+
Kh6 41. Rf1 Be3 42. Qa1 Bg1 43. exf5 Nf4+ 44. Kg4 gxf5+ 45. Kxf5 Qd3+ 46. Kf6
Nxd5+ 47. Ke6 Nb6 48. Qc1+ Kg7 49. Qg5+ Kh8 50. Qf6+ Kg8 51. Qf7+ 1-0

[Event "Server24Chess 2012"]
[Site "St. Ulrich"]
[Date "2012.06.07"]
[Round "6"]
[White "Turrin, O."]
[Black "Zucchelli, M."]
[Result "0-1"]
[WhiteElo "2036"]
[BlackElo "2169"]
[PlyCount "104"]
[EventDate "2012.06.??"]

1. c4 e6 2. Nc3 Nf6 3. g3 d5 4. d4 dxc4 5. Bg2 c6 6. a4 Bb4 7. Nf3 O-O 8. O-O
Nbd7 9. Qc2 Qe7 10. Na2 Bd6 11. Qxc4 e5 12. Nc3 exd4 13. Nxd4 Ne5 14. Qb3 Bc5
15. Nf3 Nxf3+ 16. exf3 Be6 17. Qc2 Bc4 18. Rd1 Qe6 19. Ne4 Nxe4 20. Qxe4 Qxe4
21. fxe4 Rad8 22. Bf4 Bb3 23. Re1 Bd4 24. Re2 f6 25. h4 Rfe8 26. Bf3 Be5 27.
Bxe5 fxe5 28. Re3 Be6 29. Rd1 c5 30. Red3 Rd4 31. Rxd4 exd4 32. b4 cxb4 33.
Rxd4 a5 34. e5 b3 35. Bd5 b2 36. Bxe6+ Rxe6 37. Rd1 Rxe5 38. Rb1 Re2 39. Kg2
Kf7 40. Kf3 Rc2 41. Ke3 Ke6 42. Kd3 Rxf2 43. Kc3 Kf5 44. Kc4 Ke4 45. Re1+ Kf3
46. Kb5 Rc2 47. Rb1 Ke3 48. Kxa5 Kd3 49. Kb4 Rc6 50. Ka3 Rb6 51. Rxb2 Rxb2 52.
Kxb2 Kc4 0-1

[Event "Server24Chess 2012"]
[Site "St. Ulrich"]
[Date "2012.06.07"]
[Round "6"]
[White "Zier, O."]
[Black "Trefzer, E."]
[Result "1-0"]
[WhiteElo "2121"]
[BlackElo "2052"]
[PlyCount "127"]
[EventDate "2012.06.??"]

1. d4 e6 2. c4 f5 3. Nc3 Nf6 4. Nf3 Bb4 5. Qb3 Qe7 6. a3 Bxc3+ 7. Qxc3 b6 8.
Bf4 d6 9. h3 Bb7 10. e3 Nbd7 11. Be2 O-O 12. Rg1 Ne4 13. Qc2 e5 14. dxe5 Nxe5
15. Bxe5 dxe5 16. Bd3 Nc5 17. Be2 a5 18. O-O-O Be4 19. Qc3 a4 20. Nd2 Rad8 21.
Nxe4 Nxe4 22. Qc2 Nc5 23. Rxd8 Rxd8 24. Rd1 g6 25. g4 f4 26. exf4 exf4 27. Bf3
Rxd1+ 28. Qxd1 Qd6 29. Qe2 Kg7 30. h4 Nb3+ 31. Kb1 g5 32. h5 c6 33. Be4 Nd2+
34. Kc2 Nxe4 35. Qxe4 Qc5 36. Kb1 b5 37. cxb5 cxb5 38. Qb7+ Kg8 39. Qb8+ Kg7
40. Qb7+ Kg8 41. Qb8+ Kg7 42. Qd8 Qe5 43. Qd7+ Kg8 44. Qd8+ Kg7 45. Qd7+ Kg8
46. Ka2 Qc5 47. Qe8+ Kg7 48. Qd7+ Kg8 49. Qe6+ Kf8 50. Qf6+ Kg8 51. Qe6+ Kf8
52. Kb1 Qxf2 53. Qf5+ Ke7 54. Qxh7+ Kd6 55. Qg6+ Kc7 56. Qf7+ Kb6 57. h6 b4 58.
Qf6+ Ka7 59. Qe7+ Ka6 60. Qd6+ Ka7 61. Qc7+ Ka6 62. Qc6+ Ka5 63. axb4+ Kxb4 64.
h7 1-0

[Event "Server24Chess 2012"]
[Site "St. Ulrich"]
[Date "2012.06.07"]
[Round "6"]
[White "Van Heirzeele, D."]
[Black "Kottenhoff, Roland"]
[Result "1/2-1/2"]
[WhiteElo "2160"]
[BlackElo "2138"]
[PlyCount "86"]
[EventDate "2012.06.??"]

1. d4 Nf6 2. c4 c5 3. d5 e6 4. Nc3 exd5 5. cxd5 d6 6. e4 g6 7. f4 Bg7 8. e5
Nfd7 9. Nb5 dxe5 10. Nd6+ Ke7 11. Nxc8+ Qxc8 12. Nf3 Re8 13. f5 Kf8 14. Ng5 h6
15. Ne4 gxf5 16. Nd6 Qd8 17. Qh5 Qf6 18. Nxf5 Qg6 19. Qxg6 fxg6 20. Nxh6 Ke7
21. Bd3 e4 22. Bxe4 Bxh6 23. Bxh6 Kd8 24. O-O Rxe4 25. Rf7 a5 26. d6 b6 27.
Raf1 Kc8 28. Rg7 Kb7 29. Rff7 Kc6 30. Bf4 Re8 31. Rxg6 Na6 32. Re7 Rg8 33. Rh6
Nb4 34. Bg3 Nxa2 35. Rhh7 Nf6 36. Rc7+ Kb5 37. Rh6 Nd5 38. Rf7 Nab4 39. d7 Nc6
40. Rd6 Nd8 41. Rf3 Nb4 42. Bh4 a4 43. Bf6 Nc2 1/2-1/2

[Event "Server24Chess 2012"]
[Site "St. Ulrich"]
[Date "2012.06.07"]
[Round "6"]
[White "Giuriato, S."]
[Black "Bernardi, R."]
[Result "1/2-1/2"]
[WhiteElo "1994"]
[BlackElo "2149"]
[PlyCount "88"]
[EventDate "2012.06.??"]

1. d4 Nf6 2. c4 c5 3. d5 b5 4. cxb5 a6 5. bxa6 d6 6. Nc3 Bxa6 7. Nf3 g6 8. g3
Nbd7 9. h3 Bg7 10. Bg2 O-O 11. O-O Ra7 12. Qc2 Qa8 13. Rd1 Nb6 14. e4 Nfd7 15.
Rb1 Nc4 16. b3 Nce5 17. Nxe5 Bxe5 18. Be3 Rb8 19. a4 Rc7 20. Bf1 Bxf1 21. Kxf1
Bxc3 22. Qxc3 Rb4 23. Qc2 Rcb7 24. Bd2 Qa6+ 25. Kg2 R4b6 26. Re1 Rb8 27. f4 Qb7
28. Re3 f6 29. Ba5 Ra6 30. Bd2 Rxa4 31. b4 Qb5 32. h4 cxb4 33. Qc6 Ra2 34. Rd1
Nc5 35. e5 Qxc6 36. dxc6 d5 37. Kg1 d4 38. Rf3 Ra7 39. exf6 exf6 40. f5 Kf7 41.
fxg6+ Kxg6 42. h5+ Kg7 43. Bf4 Rc8 44. Rxd4 Rxc6 1/2-1/2

[Event "Server24Chess 2012"]
[Site "St. Ulrich"]
[Date "2012.06.07"]
[Round "6"]
[White "Rubini, A."]
[Black "Schnell, F."]
[Result "0-1"]
[WhiteElo "1926"]
[BlackElo "1920"]
[PlyCount "32"]
[EventDate "2012.06.??"]

1. e4 d5 2. exd5 Nf6 3. d4 Bg4 4. f3 Bf5 5. c4 e6 6. dxe6 Nc6 7. exf7+ Kxf7 8.
d5 Nb4 9. Na3 Bc5 10. Be2 Re8 11. Kf1 Kg8 12. Nh3 Rxe2 13. Qxe2 Bd3 14. Nf4
Bxe2+ 15. Kxe2 Qe7+ 16. Ne6 c6 0-1

[Event "Server24Chess 2012"]
[Site "St. Ulrich"]
[Date "2012.06.07"]
[Round "6"]
[White "Viviani, A."]
[Black "Lehnert, M."]
[Result "1-0"]
[WhiteElo "2094"]
[BlackElo "2026"]
[PlyCount "61"]
[EventDate "2012.06.??"]

1. d4 d6 2. c4 e5 3. Nf3 Nd7 4. Nc3 Ngf6 5. g3 c6 6. Bg2 Be7 7. O-O O-O 8. Qc2
Qc7 9. e4 Re8 10. h3 Bf8 11. Be3 g6 12. Rad1 Nh5 13. b3 Ng7 14. Rfe1 Nb6 15. c5
dxc5 16. dxc5 Nd7 17. b4 Nf6 18. Bf1 Nfh5 19. b5 Qe7 20. bxc6 bxc6 21. Rd6 Qc7
22. Red1 Bxd6 23. cxd6 Qd7 24. Na4 Ne6 25. Nxe5 Qd8 26. d7 Bxd7 27. Rxd7 Qc8
28. Rxf7 Nd8 29. Bc4 Kh8 30. Nxg6+ hxg6 31. Qc3+ 1-0

[Event "Server24Chess 2012"]
[Site "St. Ulrich"]
[Date "2012.06.08"]
[Round "7"]
[White "Ernst, S."]
[Black "Peralta, Fe"]
[Result "0-1"]
[WhiteElo "2554"]
[BlackElo "2590"]
[PlyCount "64"]
[EventDate "2012.06.??"]

1. d4 d6 2. Nf3 g6 3. c4 Bg4 4. g3 Bxf3 5. exf3 Bg7 6. Nc3 e6 7. f4 Ne7 8. Bg2
d5 9. cxd5 exd5 10. Qb3 Nbc6 11. O-O O-O 12. Nxd5 Nxd5 13. Qxd5 Qxd5 14. Bxd5
Nxd4 15. Bxb7 Rab8 16. Be4 Rfe8 17. Bd3 Nf3+ 18. Kh1 Ne1 19. Ba6 Nc2 20. Rb1
Na3 21. Ra1 Nc2 22. Rb1 Na3 23. Ra1 Rb6 24. Bd3 Rd6 25. Bb1 f5 26. h3 Red8 27.
bxa3 Rd1 28. Bc2 Rxf1+ 29. Kg2 Rxf2+ 30. Kxf2 Bxa1 31. g4 fxg4 32. hxg4 Bb2 0-1

[Event "Server24Chess 2012"]
[Site "St. Ulrich"]
[Date "2012.06.08"]
[Round "7"]
[White "Gretarsson, Hj"]
[Black "Baklan, V."]
[Result "1/2-1/2"]
[WhiteElo "2477"]
[BlackElo "2612"]
[PlyCount "25"]
[EventDate "2012.06.??"]

1. d4 Nf6 2. c4 c5 3. d5 b5 4. cxb5 a6 5. bxa6 g6 6. Nc3 Bxa6 7. g3 d6 8. Bg2
Bg7 9. Nf3 Nbd7 10. Rb1 O-O 11. O-O Qa5 12. Bd2 Ng4 13. Qc1 1/2-1/2

[Event "Server24Chess 2012"]
[Site "St. Ulrich"]
[Date "2012.06.08"]
[Round "7"]
[White "Arun Prasad, S."]
[Black "Petkov, V."]
[Result "1/2-1/2"]
[WhiteElo "2519"]
[BlackElo "2512"]
[PlyCount "93"]
[EventDate "2012.06.??"]

1. d4 Nf6 2. c4 e6 3. Nc3 c5 4. d5 exd5 5. cxd5 d6 6. Nf3 g6 7. Bf4 a6 8. a4
Bg7 9. h3 O-O 10. e3 Nh5 11. Bh2 f5 12. Be2 f4 13. Qd2 Bh6 14. e4 Nd7 15. g4
Ng7 16. h4 Ne8 17. g5 Bg7 18. Bxf4 Qe7 19. Bg3 c4 20. Qe3 Nc5 21. Nd2 Bd7 22.
O-O Rc8 23. a5 Nd3 24. Bxd3 cxd3 25. Qxd3 Nc7 26. Nc4 Nb5 27. Nb6 Nxc3 28. Nxc8
Rxc8 29. bxc3 Rxc3 30. Qe2 Bb5 31. Qg4 Bd7 32. Qe2 Bb5 33. Qg4 Bd7 34. Qf4 Bh3
35. Rfc1 Rd3 36. Rd1 Be5 37. Rxd3 Bxf4 38. Bxf4 Qxe4 39. Rxh3 Qxf4 40. Re1 Qg4+
41. Kh2 Qf4+ 42. Kg2 Qg4+ 43. Rg3 Qxh4 44. Re8+ Kg7 45. Re7+ Kg8 46. Re8+ Kg7
47. Re7+ 1/2-1/2

[Event "Server24Chess 2012"]
[Site "St. Ulrich"]
[Date "2012.06.08"]
[Round "7"]
[White "Manca, F."]
[Black "Antoniewski, R."]
[Result "0-1"]
[WhiteElo "2424"]
[BlackElo "2536"]
[PlyCount "88"]
[EventDate "2012.06.??"]

1. e4 e6 2. d4 d5 3. Nc3 Nf6 4. Bg5 dxe4 5. Nxe4 Be7 6. Bxf6 gxf6 7. Qd3 a6 8.
O-O-O f5 9. Nc3 b5 10. Qf3 c6 11. Qe3 Bb7 12. Nf3 Nd7 13. Bd3 Nb6 14. Ne5 b4
15. Ne2 Nd5 16. Qf3 Bf6 17. Qh5 Qc7 18. f4 c5 19. Bc4 Bxe5 20. dxe5 O-O-O 21.
Bxd5 Bxd5 22. Kb1 Bxg2 23. Rxd8+ Rxd8 24. Rg1 Qd7 25. Qh4 Be4 26. Qf2 Qb5 27.
Ng3 Bb7 28. Rc1 Kb8 29. Nh5 c4 30. Qh4 Rd2 31. Qe7 c3 32. Nf6 cxb2 33. Kxb2 a5
34. Qf8+ Ka7 35. Qxf7 Qc4 36. Qe8 Qxf4 37. Qxe6 a4 38. Kb1 Qd4 39. Qe8 a3 40.
Qa4+ Ba6 41. Qb3 Rd3 42. c3 Qxe5 43. Qf7+ Bb7 44. Nd7 Qxh2 0-1

[Event "Server24Chess 2012"]
[Site "St. Ulrich"]
[Date "2012.06.08"]
[Round "7"]
[White "Saravanan, V1."]
[Black "Kveinys, A."]
[Result "0-1"]
[WhiteElo "2401"]
[BlackElo "2512"]
[PlyCount "116"]
[EventDate "2012.06.??"]

1. Nf3 Nf6 2. c4 e6 3. Nc3 d5 4. d4 c5 5. cxd5 Nxd5 6. e4 Nxc3 7. bxc3 cxd4 8.
cxd4 Bb4+ 9. Bd2 Bxd2+ 10. Qxd2 O-O 11. Bc4 Nd7 12. O-O b6 13. Rfe1 Bb7 14.
Rad1 Rc8 15. Bb3 Re8 16. Qf4 Qf6 17. Qg3 Qg6 18. Qh4 Qf6 19. Qh3 Red8 20. Re3
Qh6 21. Qxh6 gxh6 22. d5 Nc5 23. dxe6 Rxd1+ 24. Bxd1 Nxe6 25. Ne1 Rc1 26. Bb3
Nd4 27. f3 Nxb3 28. axb3 Rb1 29. Kf2 Bc8 30. Nc2 Rb2 31. Rc3 Be6 32. Kg3 Rxb3
33. Rc7 a5 34. Nd4 Rb2 35. Ra7 Rb4 36. Nxe6 fxe6 37. Kf4 Rb5 38. g4 Rb3 39. h4
e5+ 40. Kxe5 Rxf3 41. Rb7 Rf7 42. Rxb6 Ra7 43. Kf6 Ra8 44. g5 a4 45. g6 hxg6
46. Kxg6 a3 47. Rb1 a2 48. Ra1 Ra6+ 49. Kf5 Kf7 50. e5 Ra5 51. h5 Ra6 52. e6+
Ke7 53. Kg6 Kxe6 54. Kxh6 Kf5+ 55. Kg7 Kg5 56. Kf7 Kxh5 57. Ke7 Kg5 58. Kd7 Kf4
0-1

[Event "Server24Chess 2012"]
[Site "St. Ulrich"]
[Date "2012.06.08"]
[Round "7"]
[White "Mogranzini, R."]
[Black "Baron, Ta"]
[Result "1/2-1/2"]
[WhiteElo "2461"]
[BlackElo "2467"]
[PlyCount "113"]
[EventDate "2012.06.??"]

1. c4 Nf6 2. g3 e5 3. Bg2 d5 4. cxd5 Nxd5 5. Nc3 Nb6 6. e3 Nc6 7. Nge2 Bf5 8.
d4 Nb4 9. O-O Bc2 10. Qe1 Bg6 11. f4 Nc2 12. Qf2 Nxa1 13. Bxb7 exd4 14. Bc6+
Nd7 15. Nxd4 Bc5 16. f5 O-O 17. Bxa8 Qxa8 18. fxg6 fxg6 19. Qg2 Rxf1+ 20. Kxf1
Qxg2+ 21. Kxg2 Ne5 22. b3 Nd3 23. Bd2 Bb6 24. Kf1 c5 25. Nf3 Nc2 26. Ke2 c4 27.
bxc4 Nb2 28. Nd5 Nxc4 29. Bc1 Bc5 30. Kd3 N2a3 31. e4 h6 32. g4 g5 33. e5 Kf7
34. Ke4 Nc2 35. Kd3 N2a3 36. Bxa3 Nxa3 37. Nc3 Ke6 38. Ke4 Nc2 39. Nd5 Bf2 40.
h3 Bc5 41. Nc7+ Kd7 42. Nb5 g6 43. a4 Nb4 44. Nc3 Bf2 45. Nb5 Na6 46. Kd5 Nb4+
47. Ke4 Na6 48. Nfd4 Nc5+ 49. Kd5 Bxd4 50. Nxd4 Nxa4 51. e6+ Ke8 52. Ke5 Nc3
53. Nc6 a6 54. Kf6 Nd5+ 55. Ke5 Nc3 56. Na5 Ke7 57. Nc6+ 1/2-1/2

[Event "Server24Chess 2012"]
[Site "St. Ulrich"]
[Date "2012.06.08"]
[Round "7"]
[White "Dittmar, P."]
[Black "Gleizerov, E."]
[Result "0-1"]
[WhiteElo "2297"]
[BlackElo "2570"]
[PlyCount "78"]
[EventDate "2012.06.??"]

1. d4 e6 2. e4 d5 3. exd5 exd5 4. Nf3 Bd6 5. c4 dxc4 6. Bxc4 Nf6 7. Nc3 O-O 8.
O-O Nc6 9. h3 h6 10. Re1 Re8 11. Rxe8+ Qxe8 12. Nb5 Bf5 13. Nxd6 cxd6 14. Be3
Be4 15. Nd2 Bg6 16. Qf3 Qe7 17. a3 Rc8 18. Ba2 Kh7 19. Qd1 d5 20. Rc1 Rd8 21.
b4 Qd6 22. Nb3 b6 23. Nd2 Ne7 24. Nf3 Nd7 25. Qd2 Be4 26. Bf4 Qe6 27. Nh2 Rc8
28. Rxc8 Nxc8 29. f3 Bf5 30. Nf1 b5 31. Ne3 Ncb6 32. Nxf5 Qxf5 33. Qc1 Qf6 34.
Bb1+ Kg8 35. Be3 Nc4 36. Bf2 Qa6 37. Bf5 Nf8 38. Bh4 Ne6 39. Bxe6 Qxe6 0-1

[Event "Server24Chess 2012"]
[Site "St. Ulrich"]
[Date "2012.06.08"]
[Round "7"]
[White "Solomon, K."]
[Black "Ulibin, M."]
[Result "0-1"]
[WhiteElo "2429"]
[BlackElo "2519"]
[PlyCount "118"]
[EventDate "2012.06.??"]

1. d4 e6 2. c4 f5 3. g3 Nf6 4. Bg2 c6 5. Nf3 d5 6. O-O Bd6 7. Nbd2 O-O 8. Ne5
b6 9. Ndf3 Ne4 10. Qa4 Ba6 11. cxd5 exd5 12. Re1 Qe7 13. a3 c5 14. Bf4 c4 15.
h4 Bb7 16. Qc2 Na6 17. b3 b5 18. bxc4 bxc4 19. Reb1 Rab8 20. Ng5 Nc7 21. Ra2
Ba8 22. Rxb8 Rxb8 23. f3 Nxg5 24. Bxg5 Qe6 25. Bh3 Bxe5 26. dxe5 Qb6+ 27. Kg2
g6 28. g4 fxg4 29. Bxg4 Ne6 30. Bxe6+ Qxe6 31. Bf6 d4 32. Rb2 Rc8 33. Kh2 c3
34. Rb1 Qd5 35. Qc1 d3 36. Qh6 Qf7 37. exd3 Bxf3 38. Kg3 Ba8 39. h5 Qd7 40. Rd1
c2 41. Rc1 Rc3 42. Kf2 Rxd3 43. Qg7+ Qxg7 44. Bxg7 Kxg7 45. Rxc2 Rf3+ 46. Ke2
gxh5 47. e6 Rxa3 48. Rc7+ Kf6 49. e7 Bf3+ 50. Kf2 Kf7 51. Kg3 a5 52. Kf4 Bg4
53. Ra7 a4 54. Ke5 h4 55. e8=Q+ Kxe8 56. Rxh7 h3 57. Rh4 Bd7 58. Rh8+ Ke7 59.
Rh7+ Kd8 0-1

[Event "Server24Chess 2012"]
[Site "St. Ulrich"]
[Date "2012.06.08"]
[Round "7"]
[White "Valsecchi, A."]
[Black "Romanishin, O."]
[Result "1/2-1/2"]
[WhiteElo "2413"]
[BlackElo "2511"]
[PlyCount "67"]
[EventDate "2012.06.??"]

1. e4 e5 2. Nf3 Nc6 3. Bb5 a6 4. Ba4 Nf6 5. d4 exd4 6. O-O Be7 7. Re1 b5 8. Bb3
d6 9. Bd5 Nxd5 10. exd5 Ne5 11. Nxd4 O-O 12. a4 Bg4 13. Qd2 Bd7 14. Nc3 b4 15.
Nce2 a5 16. b3 Qb8 17. Bb2 Re8 18. Rac1 Qb7 19. c4 bxc3 20. Nxc3 Bf8 21. Ncb5
Rac8 22. f4 Ng6 23. Rxe8 Bxe8 24. Nc6 Ne7 25. Nca7 Ra8 26. Rxc7 Qxd5 27. Qxd5
Nxd5 28. Rc4 Bd7 29. Ba3 Be6 30. Rd4 Nf6 31. Rd3 Bf5 32. Rd4 Be6 33. Rd3 Bf5
34. Rd4 1/2-1/2

[Event "Server24Chess 2012"]
[Site "St. Ulrich"]
[Date "2012.06.08"]
[Round "7"]
[White "Bruno, Fabi"]
[Black "Friedrich, N."]
[Result "1/2-1/2"]
[WhiteElo "2447"]
[BlackElo "2309"]
[PlyCount "58"]
[EventDate "2012.06.??"]

1. d4 d5 2. Nf3 Nf6 3. c4 c6 4. e3 e6 5. b3 Nbd7 6. Bb2 Be7 7. Bd3 O-O 8. Nc3
b6 9. O-O Bb7 10. Qc2 h6 11. Rad1 Qc7 12. Qe2 Rad8 13. Rc1 Qb8 14. e4 dxe4 15.
Nxe4 c5 16. dxc5 Nxc5 17. Nxc5 Bxc5 18. Bxf6 gxf6 19. Be4 Bc8 20. Ne1 f5 21.
Bf3 Qd6 22. g3 Qd2 23. Rc2 Qxe2 24. Rxe2 a5 25. Nc2 Rd3 26. Ne1 Rd6 27. Ng2 Rd3
28. Ne1 Rd6 29. Ng2 Rd3 1/2-1/2

[Event "Server24Chess 2012"]
[Site "St. Ulrich"]
[Date "2012.06.08"]
[Round "7"]
[White "Thorsteinsson, T."]
[Black "Bertagnolli, A."]
[Result "1/2-1/2"]
[WhiteElo "2248"]
[BlackElo "2370"]
[PlyCount "85"]
[EventDate "2012.06.??"]

1. Nf3 c5 2. c4 g6 3. g3 Bg7 4. Bg2 Nc6 5. O-O a6 6. Nc3 Rb8 7. a4 Nf6 8. Ne1
O-O 9. Nc2 Ne8 10. Rb1 Nd6 11. Na3 Nf5 12. b3 d6 13. Bb2 h5 14. Ne4 h4 15. e3
e5 16. Nc2 Nh6 17. Nc3 hxg3 18. fxg3 Bg4 19. Bf3 f5 20. d3 Qg5 21. Nd5 Bxf3 22.
Qxf3 e4 23. Qf4 Qxf4 24. gxf4 exd3 25. Ne1 b5 26. Bxg7 Kxg7 27. axb5 axb5 28.
cxb5 Na7 29. Nxd3 Nxb5 30. Rfc1 Rfc8 31. Ra1 Nf7 32. Rc4 Ra8 33. Raa4 Rcb8 34.
Rxa8 Rxa8 35. b4 Ra1+ 36. Rc1 Rxc1+ 37. Nxc1 cxb4 38. Nxb4 Nc3 39. Kf1 Kf6 40.
Ne2 Nd1 41. Nc2 Nb2 42. Nc3 Nc4 43. Ke2 1/2-1/2